000 00738nas a2200241 4500
001 BR0405178
003 BR-BrBNA
005 20231205104940.0
007 ta
008 230509b bl.|||p| |||| 00| 00por d
040 _aBR-BrBNA
_bpor
_cBiblioteca Nacional de Agricultura
041 _a(Pt)
072 _aE80
100 1 _aBubolz, M.M.
100 1 _aCebotarev, E.A.
100 1 _aMarques, N.A.C.
245 1 _aTeoria, pesquisa e prática na economia doméstica
650 _aECONOMIA DOMÉSTICA
650 _aMÉTODO DE PESQUISA
773 0 _tOIKOS - Revista Brasileira de Economia Doméstica (Brazil)
_xISSN 0101-5273
_g(1995), v. 9(1) p. 94-106
_wBR0405178
909 _a202311
_bLúcia
_c55
_dLúcia Elande
942 _2AGRIS
_n0
_cANA
999 _c180441
_d180441